Šéfovské programy v podnikové praxi.

Nezadržateľný postup tzv. "šéfovských programov" - MIS (Management Information Systems). Ich odbyt prekročil v r. 1992 hodnotu 100 miliónov USD. V r. 1995 sa očakáva štvornásobná aplikácia týchto programov. Pri zavádzaní MIS sa musí premyslieť aj podniková organizácia. Zoštíhlenie výroby, manažmentu...

Descrizione completa

Salvato in:
Dettagli Bibliografici
Natura: Capitolo di libro
Lingua:ceco
Soggetti:
Tags: Aggiungi Tag
Nessun Tag, puoi essere il primo ad aggiungerne!!

MARC

LEADER 00000naa a2200000 4500
001 r013220
005 20221213082559.8
041 0 |a cze 
044 |a CZ 
245 1 0 |a Šéfovské programy v podnikové praxi. 
520 |a Nezadržateľný postup tzv. "šéfovských programov" - MIS (Management Information Systems). Ich odbyt prekročil v r. 1992 hodnotu 100 miliónov USD. V r. 1995 sa očakáva štvornásobná aplikácia týchto programov. Pri zavádzaní MIS sa musí premyslieť aj podniková organizácia. Zoštíhlenie výroby, manažmentu i výpočtovej techniky. (Wirtschafts Woche, 1992, č.52, s.58-60). 
610 2 0 |a systémy informačné manažérske 
610 2 0 |a systémy informačné 
610 2 0 |a manažment 
610 2 0 |a programy riadiace 
610 2 0 |a organizácia podniku